Capitales contenant la lettre G - Statistiques

Statistiques générales
  • Ce quiz a été pris 1 127 fois
    924 depuis la dernière actualisation
  • Le résultat moyen est 24 sur 36
Statistiques - réponses
Afrique % Correct
Washington
86%
Wellington
83%
Georgetown
80%
Bogota
78%
Prague
76%
Guatemala
74%
Kingston
72%
Kingstown
72%
Santiago
72%
Podgorica
71%
Riga
71%
Bagdad
70%
Belgrade
70%
Gaborone
70%
Luxembourg
70%
Copenhague
68%
Gitega
67%
Bangkok
66%
Pyongyang
66%
Saint-Georges
65%
Zagreb
64%
Alger
63%
Bridgetown
63%
Tegucigalpa
63%
Managua
61%
Bangui
60%
Saint-Domingue
60%
Mogadiscio
59%
Achgabat
56%
Singapour
56%
Ouagadougou
55%
Kigali
51%
Bandar Seri Begawan
49%
Ngerulmud
48%
Lilongwe
47%
Port-d'Espagne
47%
Aucun quiz correspondant
Distribution des résultats
% des personnes avec chaque résultat
Percentile par nombre de réponses
Votre historique - résultats
Vous n’avez pas pris ce quiz depuis la dernière actualisation